General NBA Trivia #2 - Statistics

General Stats
  • This quiz has been taken 23 times
  • The average score is 10 of 20
Answer Stats
Hint Answer % Correct
This team won the 1975 NBA Finals behind the performance of MVP Rick Barry Golden State Warriors
85%
He has played just 114 games in 4 seasons after being drafted #1 overall in 2019 Zion Williamson
85%
He won the 2004 NBA Finals MVP for the Detroit Pistons Chauncey Billups
70%
He won Rookie of the Year in 2019-2020 and Most Improved Player in 2021-2022 Ja Morant
70%
He was the shortest ever #1 overall pick in NBA Draft history Allen Iverson
65%
This first ever draft pick made by this expansion franchise was Nick Anderson in 1989 Orlando Magic
60%
The current head coach for this team as of 2023 is Billy Donovan Chicago Bulls
55%
This former Kentucky guard and #1 overall pick is the namesake of a famous "dance" involving flexing the arms and twisting the wrist John Wall
55%
This 2-time Three-Point Contest winner in 2002 and 2003 was born in the former Yugoslavia in 1977 Peja Stojakovic
55%
This 6x All-Star PF traded from the Sonics to the Cavaliers in 1997 was nicknamed "Reign Man" Shawn Kemp
55%
Of the 4 ABA teams that merged into the NBA, this one took the longest to make the NBA Finals Denver Nuggets
45%
This special playtype would be signalled by the referee after a "wedgie" wherein the ball is stuck on the rim jump ball
45%
This is the team on which Jeremy Lin won an NBA Championship Toronto Raptors
45%
This 4-time Defensive Player of the Year was born in Kinshasa in 1966 Dikembe Mutombo
40%
He was traded alongside Spencer Dinwiddie to the Brooklyn Nets on 2/6/2023 Dorian Finney-Smith
40%
Players drafted by this NBA Franchise have included DeJuan Blair, Kyle Anderson, and George Hill San Antonio Spurs
40%
He was drafted #5 overall in 2003 - don't mix up the "Y" and "A" in his name Dwyane Wade
35%
The 1978 NBA Finals was won by a team under this name - a name which was changed in 1997 Washington Bullets
35%
Famous feuds involving this player included calling Charlie Villanueva a "cancer patient" and an apocryphal story concerning Carmelo Anthony and "Honey Nut Cheerios" Kevin Garnett
25%
This 14x NBA All-Star was traded for Robert "Tractor" Traylor on draft night in 1998 Dirk Nowitzki
20%
No matching quizzes found
Score Distribution
Percent of People with Each Score
Percentile by Number Answered
Your Score History
You have not taken this quiz